| 000 | 00889nam a2200217Ii 4500 | ||
|---|---|---|---|
| 003 | JO-AjNU | ||
| 008 | 230605s9999||||xx |||||||||||||| ||und|| | ||
| 017 | _a1441/11712 | ||
| 020 | _a978-6030-34-616-5 | ||
| 040 |
_aJO-AjNU _bara _erda _cJO-AjNU |
||
| 041 | _aara | ||
| 050 | 1 | 4 | _aG490.A3125.2019 |
| 100 | 3 |
_aحسن، حافظ احمد ؛ دراسة وتحقيق احمد حامد القضاة، دراسة وتحقثق احمد عبد العزيز العيدي؛ ترجمة يارا عمرو محمد اللقطه, _eauthor _963464 |
|
| 245 | 0 | 0 | _aالحج الى الكعبة والرحلة الى تشارينغ كروس |
| 250 | _aط1 | ||
| 300 | _a241ص | ||
| 336 |
_atext _btxt _2rdacontent |
||
| 337 |
_aunmediated _bn _2rdamedia |
||
| 338 |
_avolume _bnc _2rdacarrier |
||
| 650 | 4 |
_aرحلات الحج-الحج-وصف ورحلات-بريطانيا-وصف ورحلات _963465 |
|
| 999 |
_aA28789 _c32357 _d32357 |
||